| 000 | 00537nam a2200193Ia 4500 | ||
|---|---|---|---|
| 005 | 20250508162810.0 | ||
| 008 | 008 250505s9999 xx 000 0 eng d | ||
| 037 | _aTextual | ||
| 040 |
_aFEDL _beng _cFEDL |
||
| 041 |
_aeng _2eng |
||
| 084 |
_a157.9, VER _qFEDL |
||
| 100 |
_aVerma Ratna _9408242 |
||
| 245 | 0 | _aPsychiatric social work in India | |
| 260 |
_aNew Delhi, India _bSage Publications _c1991 |
||
| 300 | _a255p | ||
| 650 | _aAbnormal psychology | ||
| 942 |
_cTEXL _h157.9, VER |
||
| 999 |
_c1378749 _d1378749 |
||